00377pab a2200133 454500008004000000100001600040245006200056260000900118300001500127362001200142650001900154650002600173773004400199180718b1983 xxu||||| |||| 00| 0 eng d aMisra, B.B. aEvolution of the concept of administrative accountability c1983 ap.435-445. aJul-Sep aAccountability aPublic administration aIndian Journal of Public Administration